000 00969nas a2200301 4500
001 BR2011004793
003 BR-BrBNA
005 20231205115541.0
007 ta
008 230509b bl.|||p| |||| 00| 00por d
040 _aBR-BrBNA
_bpor
_cBiblioteca Nacional de Agricultura
041 _a(En)
072 _aH10
100 1 _aGuimarães, E.R.
100 1 _aMutton, M.A.
100 1 _aMutton, M.J.R.
100 1 _aFerro, M.I.T.
100 1 _aRavaneli, G.C.
100 1 _aSilva, J.A. da
245 1 _aFree proline accumulation in sugarcane under water restriction and spittlebuginfestation
246 1 _aFree proline accumulation in sugarcane under water restriction and spittlebuginfestation
650 _aPROLINA
650 _aCANA DE AÇÚCAR
650 _aCIGARRINHA
773 0 _tScientia Agricola (Brazil)
_xISSN 0103-9016
_g(Nov-Dec 2008), v. 65(6) p. 628-633
_wBR2011004793
909 _a202311
_bLúcia
_c55
_dLúcia Elande
942 _2AGRIS
_n0
_cANA
999 _c214396
_d214396